000 00537nam a2200217Ia 4500
003 0100
008 130303s9999 xx 000 0 und d
040 _cARRUPELIB
050 _aB693.E53K3 1950
245 4 _aThe philosophy of Plotinus
260 _aNew York
260 _bAppleton-Century-Crofts
260 _C1950
300 _a158p.
300 _b 20cm.
650 _aPHILOSOPHY
650 _bEnglish Language -- Dictionaries
650 _cEnglish Language --United states
700 _aKatz, Joseph (tr.)
942 0 0 _02
999 _c56448
_d56448